000 00853nam a2200205 i 4500
001 189795
003 ES-MaACL
005 20230906223546.0
008 191126s1966 sp |||| | spa d
100 1 _aPyle, Leo .
_9168895
245 1 3 _aLa píldora y el control de natalidad
_b: documentación sobre un debate católico, incluyendo declaraciones, artículos y cartas de papas, obispos, sacerdotes y seglares casados y solteros /
_cLeo Pyle ; [traducción, María Rosario Sanagustín].
260 _aBarcelona :
_bDima,
_c1966.
300 _a234 p. ;
_c23 cm.
490 1 _aColección "Nuestros días" ;
_v1
650 0 0 _aControl de natalidad-
_xAspectos religiosos.
_911339
700 1 _aSanagustín, María Rosario.
_9102323
830 0 _aColección "Nuestros días" ;
_v1
_9193408
852 _aES-MaACL
_jP-1091-1
999 _c189795
_d189795